000 00689nam a2200241Ia 4500
003 OSt
005 20220928105447.0
006 a|||||r|||| 00| 0
007 ta
008 220927b |||||||| |||| 00| 0 eng d
024 _a58316
037 _cTextual
040 _aSDCL
_cSDCL
_beng
041 _2eng
_aeng
082 _aV9(W).2'N8, M9
100 _aSharma Ram Avtar Ed.
_9415454
245 0 _aPolitical culture in post-independent India
260 _aNew Delhi
_bRam Avtar Sharma
_c1989
300 _a360p
_ccm.
700 _a Yadav Sushma Ed.
_9415455
942 _hV9(W).2'N8, M9
_cTEXL
_2CC
999 _c731303
_d731303